00377nam a2200145 a 450000500170000000800410001702000180005805000250007610000180010124500190011926000410013830000080017965000220018770000220020920140414132141.0140203s19uu xx 00 eng d a9780909718284 aREF 567.7bWa29 2001 aWatson, Brown aDinosaurs A-Z. aNew York :bScholastic, Inc,cc2001. a253 aDinosaur-xkinds. aSpurgeon, Maureen